TOP 2024 : technika ochrany prostredia 2024 Conference Preeedings

Gespeichert in:
Bibliographische Detailangaben
Körperschaft: Engineering of Environment Protection : TOP 2024. International Scientific Conference
Format: Buch
Sprache:Englisch
Veröffentlicht: Zvolen Technická univerzita vo Zvolene 2024
Ausgabe:1st Edition
Schlagworte:
Tags: Tag hinzufügen
Keine Tags, Fügen Sie das erste Tag hinzu!

MARC

LEADER 00000nlm a2200000 4500
001 0305049
005 20241112125754.3
020 |a 978-80-228-3437-7 
041 0 |a eng 
044 |a SK 
245 1 0 |a TOP 2024 : technika ochrany prostredia 2024  |b Conference Preeedings 
250 |a 1st Edition 
264 1 |a Zvolen  |b Technická univerzita vo Zvolene  |c 2024 
300 |a 61 s. 
610 2 0 |a ochrana prostredia životného 
610 2 0 |a politika environmentálna 
610 2 0 |a hospodárstvo obehové 
610 2 0 |a drevo 
610 2 0 |a priemysel drevársky 
110 2 |a Engineering of Environment Protection : TOP 2024. International Scientific Conference